[Event "Khanty-Mansiysk Governor Cup-B 8th"]
[Site "Khanty-Mansiysk"]
[Date "2012.11.23"]
[Round "9"]
[White "Antipina, Mariya"]
[Black "Lipatov, Vladislav"]
[Result "0-1"]
[WhiteElo "1980"]
[BlackElo "1802"]
[PlyCount "48"]
[EventDate "2012.11.15"]
[EventType "swiss"]
[EventRounds "9"]
[EventCountry "RUS"]
[SourceTitle "CBM 151 Extra"]
[Source "ChessBase"]
[SourceDate "2012.12.18"]
[SourceVersion "1"]
[SourceVersionDate "2012.12.18"]
[SourceQuality "1"]

1. e4 e6 2. d4 d5 3. Nc3 Bb4 4. e5 c5 5. a3 Bxc3+ 6. bxc3 Nc6 7. f4 Nge7 8. Nf3 Bd7 9. Be2 Qa5 10. Bd2 Qa4 11. dxc5 Qa5 12. 0-0 Qxc5+ 13. Kh1 0-0 14. Bd3 f5 15. Qe2 a6 16. h3 b5 17. Qe1 Qb6 18. Be3 Qd8 19. Bc5 Re8 20. a4 bxa4 21. Rxa4 Ng6 22. Rxa6 Rxa6 23. Bxa6 Qa5 24. Bd6 Qxa6 0-1

[Event "Khanty-Mansiysk Governor Cup-B 8th"]
[Site "Khanty-Mansiysk"]
[Date "2012.11.22"]
[Round "8"]
[White "Pavlova, Nataliy"]
[Black "Antipina, Mariya"]
[Result "1-0"]
[WhiteElo "1770"]
[BlackElo "1980"]
[PlyCount "61"]
[EventDate "2012.11.15"]
[EventType "swiss"]
[EventRounds "9"]
[EventCountry "RUS"]
[SourceTitle "CBM 151 Extra"]
[Source "ChessBase"]
[SourceDate "2012.12.18"]
[SourceVersion "1"]
[SourceVersionDate "2012.12.18"]
[SourceQuality "1"]

1. e4 e6 2. Nf3 d5 3. Nc3 Nf6 4. e5 Nfd7 5. d4 c5 6. Bf4 a6 7. Bd3 Nc6 8. dxc5 Nxc5 9. 0-0 Be7 10. a4 Bd7 11. Re1 h6 12. Bf1 0-0 13. Nd4 Qb6 14. Nxc6 Bxc6 15. Qg4 Kh7 16. Rab1 Qb4 17. Qg3 Bxa4 18. Nxa4 Qxa4 19. b4 Ne4 20. Bd3 Kh8 21. Bxe4 dxe4 22. c3 Rac8 23. Qh3 Kh7 24. Rbc1 Rc4 25. Qh5 Qc6 26. Re3 Rd4 27. Bxh6 g6 28. Qh3 Rfd8 29. Bg5+ Kg8 30. Bxe7 Qxc3 31. Rf1 1-0

[Event "Khanty-Mansiysk Governor Cup-B 8th"]
[Site "Khanty-Mansiysk"]
[Date "2012.11.20"]
[Round "5"]
[White "Antipina, Mariya"]
[Black "Semenova, Elena"]
[Result "0-1"]
[WhiteElo "1980"]
[BlackElo "2140"]
[PlyCount "92"]
[EventDate "2012.11.15"]
[EventType "swiss"]
[EventRounds "9"]
[EventCountry "RUS"]
[SourceTitle "CBM 151 Extra"]
[Source "ChessBase"]
[SourceDate "2012.12.18"]
[SourceVersion "1"]
[SourceVersionDate "2012.12.18"]
[SourceQuality "1"]

1. e4 e5 2. Nf3 Nc6 3. Bb5 a6 4. Ba4 Nge7 5. d4 exd4 6. Nxd4 b5 7. Bb3 Na5 8. c3 Nxb3 9. axb3 Bb7 10. Qe2 g6 11. 0-0 Bg7 12. f4 0-0 13. f5 Nc6 14. Be3 Re8 15. Nd2 d5 16. fxg6 fxg6 17. Nxc6 Bxc6 18. exd5 Bh6 19. Rf3 Qxd5 20. Nf1 Qh5 21. Rf2 Bxe3 22. Nxe3 Qg5 23. Re1 Re6 24. Qd2 Rae8 25. Rfe2 h5 26. h3 Kh7 27. Kh1 Qg3 28. Kg1 Qf4 29. Rf1 Qg5 30. Qd4 R8e7 31. Rf8 Qe5 32. Qxe5 Rxe5 33. Kf2 Kg7 34. Rc8 Bb7 35. Rd8 Bxg2 36. Kxg2 Rxe3 37. Rxe3 Rxe3 38. Rd7+ Kh6 39. Rxc7 Re2+ 40. Kg3 Rxb2 41. b4 Rd2 42. Rc6 Rd3+ 43. Kg2 Kg5 44. Rxa6 Rxc3 45. Rb6 Kh4 46. Rxb5 Rg3+ 0-1

[Event "Khanty-Mansiysk Governor Cup-B 8th"]
[Site "Khanty-Mansiysk"]
[Date "2012.11.20"]
[Round "6"]
[White "Rivonenko, Vladislav"]
[Black "Antipina, Mariya"]
[Result "1-0"]
[WhiteElo "2053"]
[BlackElo "1980"]
[PlyCount "47"]
[EventDate "2012.11.15"]
[EventType "swiss"]
[EventRounds "9"]
[EventCountry "RUS"]
[SourceTitle "CBM 151 Extra"]
[Source "ChessBase"]
[SourceDate "2012.12.18"]
[SourceVersion "1"]
[SourceVersionDate "2012.12.18"]
[SourceQuality "1"]

1. e4 e5 2. Nf3 Nc6 3. d4 exd4 4. Bc4 Bc5 5. c3 d3 6. b4 Bb6 7. a4 a5 8. b5 Nce7 9. Qb3 d5 10. exd5 Qd6 11. Ba3 Bc5 12. Bxc5 Qxc5 13. d6 Qxd6 14. Bxf7+ Kd8 15. 0-0 Nh6 16. Bc4 Bf5 17. Nbd2 Kc8 18. Nd4 Bg6 19. Rfe1 Kb8 20. Rxe7 Qxe7 21. Nc6+ bxc6 22. bxc6+ Kc8 23. Qb7+ Kd8 24. Qxa8# 1-0

[Event "Khanty-Mansiysk Governor Cup-B 8th"]
[Site "Khanty-Mansiysk"]
[Date "2012.11.17"]
[Round "3"]
[White "Purtov, Konstantin"]
[Black "Antipina, Mariya"]
[Result "1-0"]
[WhiteElo "2172"]
[BlackElo "1980"]
[PlyCount "77"]
[EventDate "2012.11.15"]
[EventType "swiss"]
[EventRounds "9"]
[EventCountry "RUS"]
[SourceTitle "CBM 151 Extra"]
[Source "ChessBase"]
[SourceDate "2012.12.18"]
[SourceVersion "1"]
[SourceVersionDate "2012.12.18"]
[SourceQuality "1"]

1. e4 e5 2. Nf3 Nc6 3. d4 exd4 4. Nxd4 Nf6 5. Nxc6 bxc6 6. Bd3 Be7 7. e5 Nd5 8. Qg4 g6 9. Qe2 Bg5 10. Bd2 Qe7 11. 0-0 Bxd2 12. Qxd2 0-0 13. Re1 d6 14. c4 Nb6 15. exd6 Qxd6 16. Qc2 Qb4 17. Nd2 Be6 18. a3 Qc5 19. b4 Qd4 20. Nf3 Qf6 21. Ne5 Rad8 22. Nxc6 Rd6 23. Ne5 Rd4 24. c5 Nd5 25. g3 Ne7 26. f4 Rfd8 27. Rad1 Bf5 28. Bxf5 Nxf5 29. Qb3 Kg7 30. Rxd4 Nxd4 31. Qc3 Nb5 32. Qb2 Kg8 33. a4 Nd4 34. Kf2 Nc6 35. b5 Nxe5 36. Rxe5 Kg7 37. a5 Rd5 38. b6 Rxc5 39. b7 1-0